[Event "Dublin St Andrews op-B"]
[Site "Dublin"]
[Date "2019.09.21"]
[Round "4"]
[White "Hunter, Sean"]
[Black "O'Cuilleanain, Oisin"]
[Result "1/2-1/2"]
[WhiteElo "1517"]
[BlackElo "1182"]
[PlyCount "54"]
[EventDate "2019.09.20"]
[EventType "swiss"]
[EventRounds "6"]
[EventCountry "IRL"]
[SourceTitle "EXT 2020"]
[Source "ChessBase"]
[SourceDate "2019.10.17"]
[SourceVersion "1"]
[SourceVersionDate "2019.10.17"]
[SourceQuality "1"]

1. e4 c5 2. Nf3 d6 3. d4 cxd4 4. Nxd4 Nf6 5. Nc3 a6 6. f3 e5 7. Nb3 Be6 8. Be3 Be7 9. Qd2 Nbd7 10. g4 b5 11. 0-0-0 0-0 12. h4 b4 13. Nd5 Bxd5 14. exd5 a5 15. h5 a4 16. Na1 Nc5 17. g5 Nfd7 18. Be2 b3 19. cxb3 axb3 20. a3 Qb6 21. Rdg1 Rfc8 22. Kb1 Qa7 23. g6 Bd8 24. Bd3 Ba5 25. Qg2 fxg6 26. hxg6 h6 27. Bxh6 Nxd3 1/2-1/2

[Event "EU Union-ch U14"]
[Site "Kouty nad Desnou"]
[Date "2016.08.09"]
[Round "4"]
[White "Sankova, Stella"]
[Black "Hunter, Sean"]
[Result "1-0"]
[WhiteElo "1898"]
[BlackElo "1456"]
[PlyCount "87"]
[EventDate "2016.08.06"]
[EventType "swiss"]
[EventRounds "9"]
[EventCountry "CZE"]
[SourceTitle "CBM 174 Extra"]
[Source "ChessBase"]
[SourceDate "2016.10.10"]
[SourceVersion "1"]
[SourceVersionDate "2016.10.10"]
[SourceQuality "1"]

1. c4 c5 2. g3 g6 3. Bg2 Nc6 4. Nc3 Bg7 5. Nf3 Nf6 6. 0-0 d6 7. d4 e6 8. dxc5 dxc5 9. Qxd8+ Kxd8 10. Rd1+ Ke7 11. Be3 Nd7 12. Na4 b6 13. Nd4 cxd4 14. Bxc6 dxe3 15. Bxa8 exf2+ 16. Kxf2 Ba6 17. Bf3 Rc8 18. Rac1 Rxc4 19. b3 Rxc1 20. Rxc1 Kd8 21. Nc3 Ne5 22. Ne4 h6 23. Nd6 Ke7 24. Nc8+ Kd7 25. Nxa7 b5 26. Nc6 Nxf3 27. exf3 Bb7 28. Nb4 Bd4+ 29. Ke2 Bb2 30. Rd1+ Ke7 31. Nd3 Bd4 32. Nf2 Bb6 33. Ne4 b4 34. Nd6 Ba6+ 35. Nc4 Bc5 36. h4 Bb5 37. f4 Kf6 38. Rd8 Kf5 39. Rc8 Be7 40. Kf3 Ba6 41. Rc7 Kf6 42. Ne5 h5 43. g4 hxg4+ 44. Nxg4+ 1-0

[Event "Daventry Robinson Cup U14"]
[Site "Daventry"]
[Date "2016.07.18"]
[Round "1.2"]
[White "Gachenot, Alexandre"]
[Black "Hunter, Sean"]
[Result "1-0"]
[WhiteElo "1448"]
[BlackElo "1458"]
[PlyCount "85"]
[EventDate "2016.07.18"]
[EventType "team-schev"]
[EventRounds "5"]
[EventCountry "ENG"]
[SourceTitle "EXT 2020"]
[Source "ChessBase"]
[SourceDate "2019.10.17"]
[SourceVersion "1"]
[SourceVersionDate "2019.10.17"]
[SourceQuality "1"]
[WhiteTeam "France"]
[BlackTeam "Ireland"]
[WhiteTeamCountry "FRA"]
[BlackTeamCountry "IRL"]

1. e4 e5 2. Nf3 Nc6 3. Bc4 Bc5 4. c3 Nf6 5. d4 exd4 6. cxd4 Bb4+ 7. Bd2 Bxd2+ 8. Nbxd2 d5 9. exd5 Nxd5 10. Qb3 Na5 11. Qa4+ c6 12. Bxd5 Qxd5 13. 0-0 0-0 14. Rac1 Qb5 15. Qa3 b6 16. Ne5 f6 17. Nef3 Be6 18. b3 Bd5 19. Qd6 Rfd8 20. Qe7 Re8 21. Qc7 Qb4 22. Rfe1 Rec8 23. Qd7 Rd8 24. Qc7 Rdc8 25. Qg3 Re8 26. Qg4 Qd6 27. Ne4 Qe7 28. Ng3 Bxf3 29. gxf3 Qxe1+ 30. Rxe1 Rxe1+ 31. Kg2 Kh8 32. Nf5 Rg8 33. Nd6 Rf8 34. b4 f5 35. Nxf5 g6 36. Nd6 Re7 37. bxa5 Rd8 38. Qf4 Kg7 39. axb6 axb6 40. Ne4 Rf8 41. Qd6 Ref7 42. Ng5 Rf5 43. Ne6+ 1-0